Colombia : (Registro nro. 8126)

Detalles MARC
000 -LEADER
fixed length control field 00837nam a2200205Ia 4500
003 - CONTROL NUMBER IDENTIFIER
control field OSt
005 - DATE AND TIME OF LATEST TRANSACTION
control field 20210715135930.0
008 - FIXED-LENGTH DATA ELEMENTS--GENERAL INFORMATION
fixed length control field 210310s1999 ck adb fr 000 0 spa d
040 ## - CATALOGING SOURCE
Original cataloging agency CO-JMCR
Transcribing agency CO-JMCR
041 0# - LANGUAGE CODE
Language code of text/sound track or separate title spa
082 04 - DEWEY DECIMAL CLASSIFICATION NUMBER
Classification number 332.6732 /
Item number C679c
Edition number 23
110 2# - MAIN ENTRY--CORPORATE NAME
Corporate name or jurisdiction name as entry element Coinvertir
9 (RLIN) 38492
245 10 - TITLE STATEMENT
Title Colombia :
Remainder of title guía para la inversión extranjera /
Statement of responsibility, etc. Coinvertir
260 ## - PUBLICATION, DISTRIBUTION, ETC.
Place of publication, distribution, etc. Bogotá :
Name of publisher, distributor, etc. Coinvertir,
Date of publication, distribution, etc. 1999
300 ## - PHYSICAL DESCRIPTION
Extent 99 páginas :
Other physical details ilustraciones, gráficas y mapas a color ;
Dimensions 28 cm.
505 0# - FORMATTED CONTENTS NOTE
Formatted contents note El mercado potencial -- Desempeño macroeconómico y perspectivas -- Colombia como plataforma exportadora -- Las instituciones -- Orden público - Comportamiento sectorial de la inversión extranjera
650 14 - SUBJECT ADDED ENTRY--TOPICAL TERM
Topical term or geographic name entry element Inversiones extranjeras
9 (RLIN) 16409
General subdivision Colombia
651 #4 - SUBJECT ADDED ENTRY--GEOGRAPHIC NAME
Geographic name Colombia
General subdivision Comercio exterior
9 (RLIN) 36905
942 ## - ADDED ENTRY ELEMENTS (KOHA)
Source of classification or shelving scheme Dewey Decimal Classification
Koha item type Books
Existencias
Withdrawn status Lost status Source of classification or shelving scheme Damaged status Not for loan Collection code Home library Current library Date acquired Source of acquisition Full call number Barcode Date last seen Copy number Koha item type
    Dewey Decimal Classification     Non-fiction Biblioteca Pública José María del Castillo y Rada Biblioteca Pública José María del Castillo y Rada 04/15/2018 Donación 332.6732 / C679c 430003213 05/16/2024 Ej.1 Books